[Event "SLO-chT 32nd"]
[Site "Ljubljana"]
[Date "2022.09.02"]
[Round "1.3"]
[White "Tisaj, Domen"]
[Black "Opara, Jan"]
[Result "1-0"]
[WhiteElo "2325"]
[BlackElo "2025"]
[PlyCount "56"]
[EventDate "2022.09.02"]
[EventType "team-tourn"]
[EventRounds "9"]
[EventCountry "SLO"]
[SourceTitle "EXT 2023"]
[Source "ChessBase"]
[SourceDate "2022.10.05"]
[SourceVersion "1"]
[SourceVersionDate "2022.10.05"]
[SourceQuality "1"]
[WhiteTeam "Maribor ZSK"]
[BlackTeam "Trebnje BMP"]
[WhiteTeamCountry "SVK"]
[BlackTeamCountry "SLO"]

1. d4 Nf6 2. c4 e6 3. g3 d5 4. Bg2 c6 5. Nf3 Bd6 6. Nc3 Nbd7 7. 0-0 0-0 8. Nd2 Re8 9. e4 dxe4 10. Ndxe4 Bc7 11. Re1 a5 12. Be3 h6 13. Qc2 Nxe4 14. Nxe4 Nf6 15. Rad1 Nxe4 16. Qxe4 Re7 17. Bf1 Qf8 18. Bd3 f5 19. Qf3 Bd7 20. Bf4 Bxf4 21. Qxf4 Qf6 22. Qd6 f4 23. Re4 fxg3 24. hxg3 e5 25. dxe5 Qf3 26. Ree1 Rf8 27. Rd2 Qf7 28. Bg6 Qxc4 1-0

[Event "SLO-chT 31st"]
[Site "Ljubljana"]
[Date "2021.09.26"]
[Round "9.1"]
[White "Kogoj, Boris"]
[Black "Opara, Jan"]
[Result "0-1"]
[WhiteElo "1828"]
[BlackElo "1988"]
[PlyCount "76"]
[EventDate "2021.09.10"]
[EventType "team-tourn"]
[EventRounds "9"]
[EventCountry "SLO"]
[SourceTitle "CBM 204 Extra"]
[Source "ChessBase"]
[SourceDate "2021.11.30"]
[SourceVersion "1"]
[SourceVersionDate "2021.11.30"]
[SourceQuality "1"]
[WhiteTeam "Nova Gorica CC"]
[BlackTeam "Trebnje BMP"]
[WhiteTeamCountry "SLO"]
[BlackTeamCountry "SLO"]

1. e4 e5 2. Nf3 Nc6 3. Bc4 Bc5 4. 0-0 d6 5. h3 Nf6 6. d3 Be6 7. Bb5 Bd7 8. Nc3 a6 9. Bxc6 Bxc6 10. Bg5 h6 11. Bh4 g5 12. Bg3 Qd7 13. Re1 g4 14. hxg4 Qxg4 15. Kf1 Nh5 16. d4 Nxg3+ 17. fxg3 exd4 18. Nxd4 Qxg3 19. Qf3 Qxf3+ 20. Nxf3 0-0-0 21. a4 Bb4 22. Nd4 Bxc3 23. bxc3 Rde8 24. Nxc6 bxc6 25. Re2 Re5 26. Rf2 Rxe4 27. Rxf7 Rg8 28. Ra3 c5 29. Rf6 h5 30. Rh6 Rf4+ 31. Kg1 Rfg4 32. Rxh5 Rxg2+ 33. Kf1 Rxc2 34. a5 Rg3 35. Rh8+ Kd7 36. Ra8 Rgxc3 37. Rxc3 Rxc3 38. Rxa6 Kc8 0-1

[Event "SLO-chT 31st"]
[Site "Ljubljana"]
[Date "2021.09.24"]
[Round "7.1"]
[White "Opara, Jan"]
[Black "Acimovic, Sergej"]
[Result "0-1"]
[WhiteElo "1988"]
[BlackElo "2003"]
[PlyCount "64"]
[EventDate "2021.09.10"]
[EventType "team-tourn"]
[EventRounds "9"]
[EventCountry "SLO"]
[SourceTitle "CBM 204 Extra"]
[Source "ChessBase"]
[SourceDate "2021.11.30"]
[SourceVersion "1"]
[SourceVersionDate "2021.11.30"]
[SourceQuality "1"]
[WhiteTeam "Trebnje BMP"]
[BlackTeam "Kocevje Inotherm"]
[WhiteTeamCountry "SLO"]
[BlackTeamCountry "SLO"]

1. d4 Nf6 2. c4 g6 3. Nc3 Bg7 4. e4 d6 5. Nf3 0-0 6. Be2 e5 7. 0-0 Nc6 8. d5 Ne7 9. Ne1 Nd7 10. Be3 f5 11. f3 f4 12. Bf2 g5 13. Nd3 Ng6 14. c5 Nf6 15. Rc1 Rf7 16. a4 h5 17. cxd6 cxd6 18. Nb5 g4 19. Qe1 Bh6 20. Rc2 g3 21. hxg3 fxg3 22. Bxg3 Rg7 23. Bd1 h4 24. Bf2 Nh5 25. f4 h3 26. g3 Nhxf4 27. Nxf4 Nxf4 28. Qb4 h2+ 29. Kxh2 Bh3 30. Rh1 Bg2 31. Qxd6 Bxe4 32. Qxe5 Qh4+ 0-1

[Event "SLO-chT 31st"]
[Site "Ljubljana"]
[Date "2021.09.12"]
[Round "3.1"]
[White "Kosmac, Blaz"]
[Black "Opara, Jan"]
[Result "0-1"]
[WhiteElo "2221"]
[BlackElo "1988"]
[PlyCount "78"]
[EventDate "2021.09.10"]
[EventType "team-tourn"]
[EventRounds "9"]
[EventCountry "SLO"]
[SourceTitle "CBM 204 Extra"]
[Source "ChessBase"]
[SourceDate "2021.11.30"]
[SourceVersion "1"]
[SourceVersionDate "2021.11.30"]
[SourceQuality "1"]
[WhiteTeam "Kranj Tomo Zupan"]
[BlackTeam "Trebnje BMP"]
[WhiteTeamCountry "SLO"]
[BlackTeamCountry "SLO"]

1. e4 e5 2. Nf3 Nc6 3. Bc4 Bc5 4. c3 Nf6 5. d3 d6 6. Bb3 h6 7. Nbd2 0-0 8. Nf1 d5 9. Qe2 dxe4 10. dxe4 Nh5 11. Ng5 Qf6 12. h4 Nf4 13. Bxf4 exf4 14. Qh5 Ne5 15. Nxf7 Bxf2+ 16. Kxf2 Nxf7 17. Nd2 Qb6+ 18. Kf1 Be6 19. Bxe6 Qxe6 20. Qd5 Qg6 21. Nf3 Rad8 22. Qxb7 Rb8 23. h5 Qd6 24. Qxa7 Rxb2 25. Qd4 Qa6+ 26. c4 Rfb8 27. Kg1 Qa5 28. Qd5 Qb6+ 29. Qd4 Qa5 30. Qd5 Qb6+ 31. c5 Qf6 32. Qd4 Qe6 33. Qd5 Qg4 34. Rh2 Rb1+ 35. Rxb1 Rxb1+ 36. Kf2 Qg3+ 37. Ke2 Rb2+ 38. Kd3 Rxg2 39. Kc4 Qxf3 0-1

[Event "SLO-chT1 West"]
[Site "Ljubljana"]
[Date "2015.10.17"]
[Round "2"]
[White "Opara, Jan"]
[Black "Gasparic, Stojan"]
[Result "1-0"]
[WhiteElo "2006"]
[BlackElo "1912"]
[PlyCount "61"]
[EventDate "2015.10.16"]
[EventType "team-tourn"]
[EventRounds "9"]
[EventCountry "SLO"]
[SourceTitle "EXT 2019"]
[Source "ChessBase"]
[SourceDate "2018.10.10"]
[SourceVersion "1"]
[SourceVersionDate "2018.10.10"]
[SourceQuality "1"]
[WhiteTeam "Trebnje BMP"]
[BlackTeam "Piran"]
[WhiteTeamCountry "SLO"]
[BlackTeamCountry "SLO"]

1. d4 Nf6 2. Nf3 g6 3. Nc3 Bg7 4. e4 d6 5. Bf4 c6 6. Qd2 0-0 7. a3 a6 8. Be2 b5 9. 0-0 Bb7 10. Rad1 Qc8 11. e5 dxe5 12. Nxe5 Nbd7 13. Bf3 Nb6 14. Bh6 Rd8 15. Bxg7 Kxg7 16. Qf4 Nbd5 17. Nxd5 cxd5 18. g4 Rf8 19. Rd3 Ne4 20. Bxe4 dxe4 21. Rh3 h5 22. Rc3 Qe6 23. gxh5 Rh8 24. hxg6 fxg6 25. Nxg6 Rh6 26. Ne5 Kh7 27. Rg3 Bd5 28. f3 exf3 29. Nxf3 Rg8 30. Ng5+ Rxg5 31. Qxg5 1-0

[Event "SLO-chT U20"]
[Site "Bled"]
[Date "2014.08.25"]
[Round "4.2"]
[White "Flander, Nejc"]
[Black "Opara, Jan"]
[Result "1/2-1/2"]
[WhiteElo "2011"]
[BlackElo "1802"]
[PlyCount "55"]
[EventDate "2014.08.23"]
[EventType "team-tourn"]
[EventRounds "7"]
[EventCountry "SLO"]
[SourceTitle "EXT 2022"]
[Source "ChessBase"]
[SourceDate "2021.10.06"]
[SourceVersion "1"]
[SourceVersionDate "2021.10.06"]
[SourceQuality "1"]
[WhiteTeam "Zalec U20"]
[BlackTeam "Trebnje BMP U20"]
[WhiteTeamCountry "SLO"]
[BlackTeamCountry "SLO"]

1. e4 e5 2. f4 d5 3. exd5 exf4 4. Nf3 Nf6 5. c4 c6 6. d4 cxd5 7. Bxf4 Bb4+ 8. Nbd2 0-0 9. Be2 Nc6 10. c5 Ne4 11. 0-0 Bxd2 12. Bxd2 Bg4 13. Bf4 Re8 14. Bb5 a6 15. Bxc6 bxc6 16. Qa4 Bxf3 17. gxf3 Ng5 18. Kh1 Re2 19. Qxc6 Ne6 20. Bg3 Nxd4 21. Qb7 Nf5 22. Rfd1 Nxg3+ 23. hxg3 h6 24. Rxd5 Qe8 25. Rad1 Re1+ 26. Kg2 Re2+ 27. Kf1 Kh7 28. Qd7 1/2-1/2

[Event "SLO-chT1 West"]
[Site "Ljubljana"]
[Date "2013.10.19"]
[Round "5"]
[White "Skok, Boris"]
[Black "Opara, Jan"]
[Result "1-0"]
[WhiteElo "2038"]
[BlackElo "1792"]
[PlyCount "83"]
[EventDate "2013.09.27"]
[EventType "team-tourn"]
[EventRounds "9"]
[EventCountry "SLO"]
[SourceTitle "EXT 2019"]
[Source "ChessBase"]
[SourceDate "2018.10.10"]
[SourceVersion "1"]
[SourceVersionDate "2018.10.10"]
[SourceQuality "1"]
[WhiteTeam "Komenda"]
[BlackTeam "Trebnje BMP"]
[WhiteTeamCountry "SLO"]
[BlackTeamCountry "SLO"]

1. d4 Nf6 2. c4 e6 3. Nf3 Bb4+ 4. Bd2 Qe7 5. g3 b6 6. Bg2 Bb7 7. 0-0 0-0 8. Bf4 d5 9. c5 Nh5 10. a3 Nxf4 11. gxf4 Ba5 12. b4 bxc5 13. dxc5 Nd7 14. c6 Bxc6 15. bxa5 Bb7 16. Nbd2 c5 17. Qc2 Ba6 18. Rfe1 f5 19. Rab1 h6 20. Qa4 Rac8 21. e3 g5 22. Kh1 g4 23. Ng1 c4 24. Qb4 Nc5 25. Bf1 Qh4 26. Kg2 c3 27. Bxa6 Nxa6 28. Qd6 cxd2 29. Qxe6+ Kh8 30. Red1 Nc5 31. Qe5+ Kh7 32. Rxd2 Qf6 33. Qxf6 Rxf6 34. Rxd5 Kg6 35. Rc1 Rfc6 36. Ne2 Ne6 37. Rxc6 Rxc6 38. e4 Rc5 39. exf5+ Kh5 40. Ng3+ Kh4 41. fxe6 Rxd5 42. e7 1-0

[Event "SLO-chT1 West"]
[Site "Ljubljana"]
[Date "2013.09.27"]
[Round "1"]
[White "Opara, Jan"]
[Black "Franca, Veronika"]
[Result "1/2-1/2"]
[WhiteElo "1792"]
[BlackElo "1944"]
[PlyCount "62"]
[EventDate "2013.09.27"]
[EventType "team-tourn"]
[EventRounds "9"]
[EventCountry "SLO"]
[SourceTitle "EXT 2019"]
[Source "ChessBase"]
[SourceDate "2018.10.10"]
[SourceVersion "1"]
[SourceVersionDate "2018.10.10"]
[SourceQuality "1"]
[WhiteTeam "Trebnje BMP"]
[BlackTeam "Val Koper"]
[WhiteTeamCountry "SLO"]
[BlackTeamCountry "SLO"]

1. d4 Nf6 2. Nf3 e6 3. e3 b6 4. Bd3 Bb7 5. b3 Be7 6. 0-0 0-0 7. Bb2 Ne4 8. Nbd2 f5 9. c4 d5 10. Rc1 Nd7 11. Bb1 Bd6 12. a3 Nxd2 13. Nxd2 dxc4 14. bxc4 Bxh2+ 15. Kxh2 Qh4+ 16. Kg1 Bxg2 17. Kxg2 Qg5+ 18. Kh2 Rf6 19. Qf3 Rh6+ 20. Qh3 Nf6 21. Qxh6 Ng4+ 22. Kg3 Nxh6+ 23. Kh3 Qg4+ 24. Kh2 Qe2 25. Bc3 g5 26. Rce1 Qh5+ 27. Kg2 Qg4+ 28. Kh2 Qh4+ 29. Kg2 Qg4+ 30. Kh2 Qh4+ 31. Kg2 Qg4+ 1/2-1/2

[Event "SLO-ch U20"]
[Site "Kamnik"]
[Date "2012.06.26"]
[Round "6"]
[White "Opara, Jan"]
[Black "Hiti, Domen"]
[Result "1/2-1/2"]
[WhiteElo "1761"]
[BlackElo "2044"]
[PlyCount "111"]
[EventDate "2012.06.23"]
[EventType "swiss"]
[EventRounds "7"]
[EventCountry "SLO"]
[SourceTitle "EXT 2019"]
[Source "ChessBase"]
[SourceDate "2018.10.10"]
[SourceVersion "1"]
[SourceVersionDate "2018.10.10"]
[SourceQuality "1"]

1. d4 Nf6 2. Nf3 g6 3. Nc3 Bg7 4. e4 d6 5. Bg5 0-0 6. Qd2 c6 7. 0-0-0 Bg4 8. Bh6 Nbd7 9. Bxg7 Kxg7 10. h3 Bxf3 11. gxf3 e6 12. Be2 Nh5 13. Rdg1 e5 14. h4 Qe7 15. f4 Nxf4 16. h5 Nf6 17. hxg6 hxg6 18. Bc4 Rh8 19. f3 Rxh1 20. Rxh1 Rh8 21. Rxh8 Kxh8 22. dxe5 dxe5 23. Ne2 Nxe2+ 24. Qxe2 Kg7 25. a3 Qc5 26. Kb1 b5 27. Bb3 Nh5 28. Qd2 Qd4 29. Qg5 Qd6 30. c4 Nf4 31. cxb5 cxb5 32. Ka2 a5 33. a4 bxa4 34. Bxa4 Qd4 35. Bc2 f6 36. Qg4 Qc4+ 37. Kb1 Ne6 38. Qh3 Qc6 39. Ba4 Qd6 40. Qf1 Nd4 41. Qg2 Qa6 42. Be8 Qd3+ 43. Ka2 g5 44. Qh3 Nc2 45. Qd7+ Qxd7 46. Bxd7 Kf7 47. Bg4 Ke7 48. Kb3 Nb4 49. Ka4 Nd3 50. b3 Nc5+ 51. Kxa5 Nxb3+ 52. Kb4 Nd4 53. Kc4 f5 54. exf5 Kf6 55. Kd5 Nxf5 56. Ke4 1/2-1/2

[Event "SLO-ch U16"]
[Site "Debeli Rtic"]
[Date "2012.02.22"]
[Round "6"]
[White "Opara, Jan"]
[Black "Djuricic, Domen"]
[Result "0-1"]
[WhiteElo "1736"]
[BlackElo "1884"]
[PlyCount "76"]
[EventDate "2012.02.18"]
[EventType "swiss"]
[EventRounds "9"]
[EventCountry "SLO"]
[SourceTitle "EXT 2022"]
[Source "ChessBase"]
[SourceDate "2021.10.06"]
[SourceVersion "1"]
[SourceVersionDate "2021.10.06"]
[SourceQuality "1"]

1. d4 d5 2. Nf3 Nf6 3. e3 e6 4. c4 c6 5. b3 Nbd7 6. Bb2 Bd6 7. Nbd2 0-0 8. Ne5 Qc7 9. f4 Ne4 10. Bd3 f5 11. 0-0 Ndf6 12. a3 Qe7 13. Ndf3 c5 14. dxc5 Bxc5 15. Nd4 Bd6 16. Nb5 Bc5 17. Bd4 Bxd4 18. Nxd4 Rd8 19. Qc2 Nc5 20. Be2 Bd7 21. Rfd1 Rac8 22. Qb2 Bc6 23. Rac1 dxc4 24. Ndxc6 Rxd1+ 25. Rxd1 bxc6 26. Bxc4 Nce4 27. b4 Nd5 28. Qb3 Qh4 29. g3 Qf6 30. Rc1 Nd2 31. Qd3 Nxc4 32. Rxc4 Rd8 33. Nxc6 Qa1+ 34. Kf2 Rd6 35. Ne5 h6 36. Rc2 Qh1 37. Nf3 Nf6 38. Qf1 Ng4+ 0-1

[Event "SLO-chT1 West"]
[Site "Ljubljana"]
[Date "2010.10.10"]
[Round "6.6"]
[White "Opara, Jan"]
[Black "Petrovic, Nejc"]
[Result "1/2-1/2"]
[WhiteElo "1787"]
[BlackElo "1949"]
[PlyCount "87"]
[EventDate "2010.09.24"]
[EventType "team-tourn"]
[EventRounds "9"]
[EventCountry "SLO"]
[SourceTitle "CBM 138 Extra"]
[Source "ChessBase"]
[SourceDate "2010.10.29"]
[SourceVersion "1"]
[SourceVersionDate "2010.10.29"]
[SourceQuality "1"]
[WhiteTeam "Trebnje BMP"]
[BlackTeam "Gorenjka Lesce"]
[WhiteTeamCountry "SLO"]
[BlackTeamCountry "SLO"]

1. d4 d5 2. Nf3 Nf6 3. e3 Bf5 4. c4 c6 5. Nc3 dxc4 6. Bxc4 e6 7. 0-0 Nbd7 8. Re1 Bb4 9. Qb3 Qb6 10. Bd2 Bxc3 11. bxc3 0-0 12. Nh4 Ne4 13. Rad1 Nxd2 14. Rxd2 Qxb3 15. Bxb3 Bg6 16. Nxg6 hxg6 17. e4 Rfe8 18. Red1 Nf6 19. f3 Rad8 20. c4 Re7 21. Kf2 Kf8 22. h4 Red7 23. g4 Ke7 24. a4 b6 25. Ke3 Rh8 26. Rh1 g5 27. Rdh2 gxh4 28. Rxh4 Rxh4 29. Rxh4 Rc7 30. e5 Ne8 31. f4 b5 32. f5 bxc4 33. Bxc4 c5 34. Rh8 cxd4+ 35. Kxd4 Rd7+ 36. Kc5 Rc7+ 37. Kb5 a6+ 38. Kb4 Rc6 39. Bd3 Nc7 40. Be4 Nd5+ 41. Bxd5 exd5 42. Ra8 d4 43. Ra7+ Ke8 44. Ra8+ 1/2-1/2

[Event "SLO-ch U14"]
[Site "Rogaska Slatina"]
[Date "2010.02.25"]
[Round "9"]
[White "Bratkovic, Sham"]
[Black "Opara, Jan"]
[Result "0-1"]
[WhiteElo "1599"]
[BlackElo "1730"]
[PlyCount "108"]
[EventDate "2010.02.21"]
[EventType "swiss"]
[EventRounds "9"]
[EventCountry "SLO"]
[SourceTitle "EXT 2015"]
[Source "ChessBase"]
[SourceDate "2014.11.20"]
[SourceVersion "1"]
[SourceVersionDate "2014.11.20"]
[SourceQuality "1"]

1. e4 e5 2. Nf3 Nc6 3. Bc4 Bc5 4. c3 Qe7 5. d3 d6 6. Nbd2 Nf6 7. h3 h6 8. Nf1 Bb6 9. Ng3 Be6 10. Bb5 Bd7 11. Ba4 0-0 12. 0-0 Rfe8 13. Nh4 d5 14. Qf3 dxe4 15. dxe4 Nh7 16. Nhf5 Bxf5 17. Nxf5 Qf6 18. Bb3 Ne7 19. Nxe7+ Rxe7 20. Qg3 Rd7 21. Be3 Bxe3 22. Qxe3 Qf4 23. Qxf4 exf4 24. Rfd1 Rad8 25. Rxd7 Rxd7 26. Rd1 Rxd1+ 27. Bxd1 g5 28. g3 fxg3 29. fxg3 Kg7 30. Kf2 Kf6 31. Ke3 Ke5 32. Bc2 Nf8 33. b4 Nd7 34. Bb3 f6 35. Bd5 c6 36. Bc4 Nb6 37. Bb3 Nc8 38. Bc2 Nd6 39. Bd3 b6 40. g4 Nf7 41. b5 c5 42. Bc4 Nd6 43. Bd3 c4 44. Be2 Nxe4 45. Bxc4 Nxc3 46. Kd3 Nd5 47. Kd2 Kd4 48. Be2 Nc3 49. Bf1 Nxa2 50. Be2 Nc3 51. Bf1 Ne4+ 52. Ke2 Ng3+ 53. Kf2 Nxf1 54. Kxf1 Ke5 0-1

[Event "SLO-ch U12"]
[Site "Rogaska Slatina"]
[Date "2009.02.24"]
[Round "4"]
[White "Markoja, Boris"]
[Black "Opara, Jan"]
[Result "1/2-1/2"]
[WhiteElo "1774"]
[BlackElo "1692"]
[PlyCount "41"]
[EventDate "2009.02.22"]
[EventType "swiss"]
[EventRounds "9"]
[EventCountry "SLO"]
[SourceTitle "CBM 129 Extra"]
[Source "ChessBase"]
[SourceDate "2009.05.05"]
[SourceVersion "2"]
[SourceVersionDate "2009.05.20"]
[SourceQuality "1"]

1. e4 e5 2. Nf3 Nc6 3. Bc4 Bc5 4. c3 Nf6 5. d3 d6 6. 0-0 0-0 7. Bb3 h6 8. Nbd2 Be6 9. Bc2 Nd7 10. Re1 f5 11. h3 fxe4 12. Nxe4 Bb6 13. Be3 Kh8 14. d4 Bd5 15. Qd3 Bxe4 16. Qxe4 Nf6 17. Qh4 Nh7 18. Qe4 Nf6 19. Qh4 Nh7 20. Qe4 Nf6 21. Qh4 1/2-1/2